000 00691nam a2200289Ia 4500
005 20260324140232.0
008 008 260324s9999 xx 000 0 eng d
020 _a9780203902356
037 _aEBOOK
040 _aCRL
040 _beng
040 _cCRL
041 _2eng
041 _aeng
084 _qCRL
100 _aCary Nelson; Stephen Watt
_91190255
245 0 _aAcademic Keywords
245 2 _bA Devil's Dictionary for Higher Education
260 _bTaylor and Francis
260 _c1999
365 _a
365 _b62.99
856 _uhttp://www.taylorfrancis.com/books/9780203902356
942 _cEBOOK
999 _c1805495
_d1805495